000 00700nam a2200193Ii 4500
003 JO-AjNU
008 230605s9999||||xx |||||||||||||| ||und||
040 _aJO-AjNU
_bara
_erda
_cJO-AjNU
041 _aara
050 1 4 _aTK5105.875.I57.A34 2006
100 3 _aاحمد، محمد عبدالقادر ,
_eauthor
_930176
245 0 0 _aتطبيقات عملية الاساسيات الانترنت الاسهل الطرق واحدث الاساليب
264 3 1 _aعمان:دار المتنبي للنشر، 2006
300 _a95ص
336 _atext
_btxt
_2rdacontent
337 _aunmediated
_bn
_2rdamedia
338 _avolume
_bnc
_2rdacarrier
650 4 _aالانترنت -تطبيقات
_930177
999 _aA11931
_c15499
_d15499